Statistics for Movies Breakdown Puzzle #1

Click here to take the quiz!

General Stats

  • This quiz has been taken 7,089 times
  • The average score is 14 of 30

Answer Stats

Hint Answer % Correct
Not outIN
94%
Affirmative!YES
88%
Angelic instrumentHARP
84%
Slightly wetDAMP
81%
VehiclesCARS
81%
Ambulance alarmSIREN
78%
InhalationBREATH
75%
Warty amphibianTOAD
75%
Wine glass edgeRIM
71%
Agenda, strategyPLAN
66%
Top-floor roomATTIC
59%
AlsoTOO
59%
Israel neighbourSYRIA
50%
True statementFACT
50%
Injured by a bullGORED
49%
Last Supper chaliceGRAIL
47%
Casual restaurantCAFE
44%
MISERY
42%
Tree with needlesFIR
38%
TITANIC
37%
PLATOON
26%
SCARFACE
25%
Casual relationshipFLING
21%
TRAFFIC
16%
Talk deliriouslyRAVE
13%
GLADIATOR
7%
BRAVEHEART
7%
SPIDERMAN
6%
HAIRSPRAY
4%
GOLDFINGER
4%

Score Distribution

Percentile by Number Answered

Percent of People with Each Score

Your Score History

You have not taken this quiz